LEADER 00942nam0-2200313---450- 001 990008633780403321 005 20080313124605.0 035 $a000863378 035 $aFED01000863378 035 $a(Aleph)000863378FED01 035 $a000863378 100 $a20080313d1960----km-y0itay50------ba 101 0 $afre 102 $aFR 105 $ay-------001yy 200 1 $aBlanqui et l'opposition révolutionnaire à la fin du second empire$fMaurice Dommanget 210 $aParis$cColin$d1960 215 $a234 p.$d24 cm 225 1 $aCahiers des annales$v14 610 0 $aBlanqui, Louis Auguste$aPensiero politico 676 $a335.2 700 1$aDommanget,$bMaurice$0218875 801 0$aIT$bUNINA$gRICA$2UNIMARC 901 $aBK 912 $a990008633780403321 952 $aP.1 P 190$bIst.st.fil.1962$fFLFBC 959 $aFLFBC 996 $aBlanqui et l'opposition révolutionnaire à la fin du second empire$9714163 997 $aUNINA LEADER 01123nam0-22003131i-450- 001 990005273190403321 005 20160523113133.0 035 $a000527319 035 $aFED01000527319 035 $a(Aleph)000527319FED01 035 $a000527319 100 $a19990604d1976----km-y0itay50------ba 101 0 $aita 105 $ay-------101yy 200 1 $a<>movimento cattolico e la società italiana in cento anni di storia 210 $aRoma$cEdizioni di Storia e letteratura$aVicenza$cIstituto per le ricerche di storia sociale e di storia religiosa$d1976 215 $a318 p.$d26 cm 225 1 $aBiblioteca di storia sociale$v5 300 $aAtti del colloquio sul movimento cattolico. Venezia, 23-25 settembre 1974 610 0 $aCattolici italiani$aSec. 20. 676 $a261.7$v21$zita 712 12$aColloquio sul movimento cattolico italiano$f<1974 ;$eVenezia> 801 0$aIT$bUNINA$gRICA$2UNIMARC 901 $aBK 912 $a990005273190403321 952 $a261.7 CONV VENEZIA 1974$bST.REL. 2076$fFLFBC 952 $a261.7 CONV VENEZIA 1974 (BIS)$bBibl.31395$fFLFBC 959 $aFLFBC 997 $aUNINA LEADER 02348nam 2200613 a 450 001 9910460045103321 005 20200520144314.0 010 $a1-61728-533-1 035 $a(CKB)2670000000041909 035 $a(EBL)3020762 035 $a(SSID)ssj0000422433 035 $a(PQKBManifestationID)12189863 035 $a(PQKBTitleCode)TC0000422433 035 $a(PQKBWorkID)10417657 035 $a(PQKB)11142842 035 $a(MiAaPQ)EBC3020762 035 $a(Au-PeEL)EBL3020762 035 $a(CaPaEBR)ebr10680900 035 $a(OCoLC)662452511 035 $a(EXLCZ)992670000000041909 100 $a20090427d2009 uy 0 101 0 $aeng 135 $aur|n|---||||| 181 $ctxt 182 $cc 183 $acr 200 10$aMagnesium and pyridoxine$b[electronic resource] $efundamental studies and clinical practice /$fIvan Y. Torshin and Olgar A. Gromova 210 $aNew York $cNova Science Publishers$dc2009 215 $a1 online resource (212 p.) 225 1 $aBiochemistry research trends series 300 $aDescription based upon print version of record. 311 $a1-60741-704-9 320 $aIncludes bibliographical references (p. [155]-173) and index. 327 $aThe biological roles of magnesium -- Absorption, elimination and the daily requirement of magnesium -- The deficiency of magnesium -- Conditions and diseases accompanied by magnesium deficiency -- Correction of the magnesium deficit -- Effects of various drugs on magnesium homeostasis -- Toxicology of magnesium : hypermagnesemia -- Physiological importance of pyridoxine -- Determination of the magnesium and pyridoxine levels. 410 0$aBiochemistry research trends series. 606 $aMagnesium in the body 606 $aMagnesium$xPhysiological effect 606 $aMagnesium deficiency diseases 606 $aVitamin B6 608 $aElectronic books. 615 0$aMagnesium in the body. 615 0$aMagnesium$xPhysiological effect. 615 0$aMagnesium deficiency diseases. 615 0$aVitamin B6. 676 $a612.3/924 700 $aTorshin$b Ivan Y$0955264 701 $aGromova$b Olgar$0955265 801 0$bMiAaPQ 801 1$bMiAaPQ 801 2$bMiAaPQ 906 $aBOOK 912 $a9910460045103321 996 $aMagnesium and pyridoxine$92160846 997 $aUNINA